Elites políticas y corrupción /

Guardado en:
Bibliografiske detaljer
Hovedforfatter: Raventós Vorst, Ciska
Format: Texto
Tags: Tilføj Tag
Ingen Tags, Vær først til at tagge denne postø!

MARC

LEADER 00000 a a2200000 04500
001 45024
003
040
100 |a Raventós Vorst, Ciska  
245 |a Elites políticas y corrupción /  |c Ciska Raventós Vorst  
500 |a CORRUPCION POLITICA 
500 |a PARTIDOS POLITICOS  
500 |a COSTA RICA 
773 |g páginas 257-272  
999 |c 19748  |d 19748